000 00803nam a2200241 i 4500
001 bg
100 1 _aSobczak, Jacek
_d(1946- ).
245 1 0 _aDziennikarz - sprawozdawca sądowy :
_bprawa i obowiązki /
_cJacek Sobczak.
260 _aWarszawa :
_bWydaw. Prawnicze,
_c2000.
300 _a189, [3] s. ;
_c21 cm.
504 _aWykaz źródeł prawa.
650 9 _aDokumentacja prasowa
_zPolska
_yod 1989 r.
650 9 _aDziennikarstwo
_xprawo
_zPolska
_ystan na 2000 r.
650 9 _aSprawozdawcy sądowi
_xetyka
_zPolska
_yod 1989 r.
650 9 _aPrawo prasowe
_zPolska
_ystan na 2000 r.
020 _a8321910637
040 _cBPK
041 0 _apl
080 _a351.751:050+070:002:174:34.096](438)"1989/..."
920 _a83-219-1063-7
942 _cKS
008 s pl f |000 0 pol
999 _c38690
_d38690
856 _uhttp://koha.tu.koszalin.pl/cgi-bin/koha/opac-detail.pl?biblionumber=38690
_yKatalog online BPK